New York State Skylines Quiz - Statistics

General Stats
  • This quiz has been taken 51 times
  • The average score is 6 of 8
Answer Stats
Picture Answer % Correct
New York City
100%
Albany
95%
Buffalo
93%
Rochester
84%
Syracuse
84%
Utica
67%
Yonkers
53%
Niagara Falls
42%
No matching quizzes found
Score Distribution
Percent of People with Each Score
Percentile by Number Answered
Your Score History
You have not taken this quiz